000 00421nam a2200181Ia 4500
001 10091
005 20260306161806.0
008 260306t1997||||xx |||||||||||||| ||spa||
041 _aESP
082 _aPL 891.3
_bS52
100 _aSienkiewicz, Enrique
_eAUT
245 0 _aQuo vadis?
260 _c1997
300 _aX, XXII : 416 páginas :
_c22 cm.
650 _aGEN
654 _aCHU
942 _cLIB
_dJUS
_fJUS
_2ddc
_n
999 _c10091
_d10091